[Event "IECG CE.2002.0.00037 email"]
[Site "IECG email"]
[Date "2002.10.02"]
[Round "?"]
[White "Spanggaard, Thorvald"]
[Black "Sulis, Giovanni"]
[Result "0-1"]
[WhiteElo "1350"]
[BlackElo "1300"]
[PlyCount "46"]
[EventDate "2002.10.02"]
[EventType "tourn (corr)"]
[EventRounds "6"]
[SourceTitle "Corr 2008"]
[Source "ChessBase"]
[SourceDate "2008.06.24"]
[SourceVersion "1"]
[SourceVersionDate "2008.06.24"]
[SourceQuality "1"]

1. d4 d5 2. c4 dxc4 3. Nf3 Nf6 4. Nc3 a6 5. a4 Nc6 6. e3 Na5 7. Ne5 Be6 8. Be2 c5 9. 0-0 Nb3 10. Rb1 cxd4 11. Bxc4 Bxc4 12. Nxc4 b5 13. axb5 Nxc1 14. exd4 axb5 15. Nxb5 Na2 16. Qb3 e6 17. Ra1 Qb8 18. Qf3 Nd5 19. Ne5 f6 20. Qh5+ g6 21. Nxg6 hxg6 22. Qxh8 Qxb5 23. Qg8 Nf4 0-1

[Event "IECG CP.2002.P.00105 email"]
[Site "IECG email"]
[Date "2002.10.01"]
[Round "?"]
[White "Jones, Malcolm"]
[Black "Spanggaard, Thorvald"]
[Result "1-0"]
[WhiteElo "926"]
[BlackElo "1350"]
[PlyCount "51"]
[EventDate "2002.10.01"]
[EventType "tourn (corr)"]
[EventRounds "6"]
[EventCountry "SWE"]
[SourceTitle "Corr 2008"]
[Source "ChessBase"]
[SourceDate "2008.06.24"]
[SourceVersion "1"]
[SourceVersionDate "2008.06.24"]
[SourceQuality "1"]

1. e4 Nf6 2. e5 Nd5 3. d4 d6 4. Nf3 g6 5. Bc4 Nb6 6. Bb3 Bg7 7. c3 Nc6 8. exd6 cxd6 9. Ng5 0-0 10. Qf3 e6 11. 0-0 d5 12. Qh3 h6 13. Nf3 e5 14. Qg3 exd4 15. cxd4 Kh7 16. Be3 Ne7 17. Bc2 Nf5 18. Bxf5 Bxf5 19. Nc3 Nc4 20. b3 Nxe3 21. fxe3 Re8 22. Rfe1 Qa5 23. Rac1 Rac8 24. Na4 Bf8 25. Rxc8 Rxc8 26. h3 1-0

[Event "IECG CP.2002.P.00105 email"]
[Site "IECG email"]
[Date "2002.10.01"]
[Round "?"]
[White "Spanggaard, Thorvald"]
[Black "Westerlund, Berndt"]
[Result "0-1"]
[WhiteElo "1350"]
[BlackElo "2147"]
[PlyCount "40"]
[EventDate "2002.10.01"]
[EventType "tourn (corr)"]
[EventRounds "6"]
[EventCountry "SWE"]
[SourceTitle "Corr 2008"]
[Source "ChessBase"]
[SourceDate "2008.06.24"]
[SourceVersion "1"]
[SourceVersionDate "2008.06.24"]
[SourceQuality "1"]

1. d4 Nf6 2. c4 e6 3. Nf3 d5 4. Nc3 Bb4 5. Bd2 0-0 6. e3 c5 7. a3 Bxc3 8. Bxc3 Ne4 9. Qc2 Nd7 10. Bd3 f5 11. 0-0 Ndf6 12. dxc5 Nxc5 13. Bb4 b6 14. cxd5 Nxd3 15. Bxf8 Ba6 16. Rfd1 Kxf8 17. Rxd3 Bxd3 18. Qxd3 Qxd5 19. Qxd5 Nxd5 20. Ng5 Ke7 0-1